| 000 | 01209cam a2200349 i 4500 | ||
|---|---|---|---|
| 999 |
_c200443939 _d62151 |
||
| 001 | 200443939 | ||
| 003 | TR-AnTOB | ||
| 005 | 20240926145501.0 | ||
| 007 | ta | ||
| 008 | 210223s2021 tu d b 000 0 tur d | ||
| 020 | _a9789750272141 | ||
| 035 | _a(TR-AnTOB)200443939 | ||
| 040 |
_aTR-AnTOB _beng _erda _cTR-AnTOB _dTR-AnTOB |
||
| 041 | 0 | _atur | |
| 050 | 1 | 4 |
_aKKX937 _b.C36 2021 |
| 090 |
_aKKX937 _b.C36 2020 |
||
| 100 | 1 |
_aCan, Ozan _eauthor _991635 |
|
| 245 | 1 | 0 |
_aKıymetli evrak hukuku uygulama kitabı : _b(tamamı çözümlü pratik çalışmalar) / _cDoç. Dr. Ozan Can, Dr. Öğr. Üyesi Nurdan Orbay Ortaç. |
| 250 | _aGüncellenmiş 2. baskı. | ||
| 264 | 1 |
_aAnkara : _bSeçkin, _c2021. |
|
| 300 |
_a240 pages ; _c24 cm |
||
| 336 |
_atext _btxt _2rdacontent |
||
| 337 |
_aunmediated _bn _2rdamedia |
||
| 338 |
_avolume _bnc _2rdacarrier |
||
| 490 | 0 |
_aSeçkin. Hukuk ; _vNo: 2556. |
|
| 504 | _aIncludes bibliographical references (pages : [239]- 240). | ||
| 650 | 7 |
_aKıymetli evrak _zTürkiye _2etuturkob _958103 |
|
| 650 | 7 |
_aKıymetli evrak _zTürkiye _2etuturkob _958103 |
|
| 700 | 1 |
_aOrbay Ortaç, Nurdan _eauthor _9129388 |
|
| 942 |
_2lcc _cBK |
||